000
00278nam a22001337a 4500
008
170204b xxu||||| |||| 00| 0 eng d
020
_a
9781416044154
041
_a
eng
080
_a
61
100
_a
3
101
_a
SHM
245
_a
2008 ICD-9-CM
_c
BUCK. C.J
942
_2
udc
_c
BK
999
_c
4657
_d
4657